La Guerra de la Liga y la invasión de Quijano /
Guardado en:
| Hovedforfatter: | |
|---|---|
| Format: | Bog |
| Sprog: | Spanish |
| Udgivet: |
San José, Costa Rica :
EUNED
2007.
|
| Serier: | Obras completas. Ricardo Fernández Guardia
|
| Fag: | |
| Tags: |
Tilføj Tag
Ingen Tags, Vær først til at tagge denne postø!
|
MARC
| LEADER | 00000nam a2200000 i 4500 | ||
|---|---|---|---|
| 001 | CSIC000250688 | ||
| 005 | 20140903071426.0 | ||
| 008 | 911119s2007 cr 000 0 spa d | ||
| 040 | |a ES-MaCSI |b spa |c VL |d A2 0037485 |d CIICLA | ||
| 082 | |a 972.860.472 |b F3634g | ||
| 100 | 1 | |a Fernández Guardia, Ricardo | |
| 245 | 1 | 3 | |a La Guerra de la Liga y la invasión de Quijano / |c Ricardo Fernández Guardia |
| 260 | |a San José, Costa Rica : |b EUNED |c 2007. | ||
| 300 | |a 76 páginas | ||
| 490 | 0 | |a Obras completas. Ricardo Fernández Guardia | |
| 500 | |a Tomado de la edición: Libreria Atenea, San José, Costa Rica, 1950. | ||
| 651 | 1 | 7 | |a COSTA RICA |x HISTORIA |y SIGLO XX |
| 942 | |2 ddc |c BK | ||
| 999 | |c 3446 |d 3446 | ||
